| 000 | 00450nam a2200169Ia 4500 | ||
|---|---|---|---|
| 008 | 180921t2017 xxu||||| |||| 00| 0 sin d | ||
| 041 | _asin | ||
| 080 |
_a0343 _bJAY |
||
| 100 | _aJayasundara, M.W | ||
| 245 | _aඅපරාද විද්යා සංකල්ප | ||
| 246 | _aAparada Vidya Sankalpa | ||
| 260 |
_bGodage _aColombo _c2017 |
||
| 300 | _b154 P, 22 cm | ||
| 942 | _cBK | ||
| 999 |
_c2609 _d2609 |
||
| 003 | LK-CoDNM | ||
| 040 |
_aLK-CoDNM _dLK-CoDNM _eLK-CoDNM |
||